| 000 | 01069nam a2200301 i 4500 | ||
|---|---|---|---|
| 001 | bg | ||
| 100 | 1 | _aPIECHNA, Janusz | |
| 245 | 1 | 0 |
_aWave machines, models and numerical simulation / _cJanusz Piechna. |
| 260 |
_aWarszawa : _bOficyna Wydawnicza PW, _c2005. |
||
| 300 |
_a165, [2] s. : _bil. ; _c24 cm. |
||
| 490 | 1 |
_aPrace Naukowe. Mechanika / Politechnika Warszawska ; _v0137-2335 |
|
| 500 | _aOpis wg okł. - W nagł. odmienny tyt. serii: Prace Naukowe Politechniki Warszawskiej. - Streszcz. pol. | ||
| 500 | _aPrace Naukowe Politechniki Warszawskiej. | ||
| 500 | _aNumeracja ser. gł. : z. 205. | ||
| 504 | _aBibliogr. | ||
| 650 | 9 |
_aMaszyny falowe _xbadanie |
|
| 650 | 9 | _aSilniki spalinowe | |
| 650 | 9 | _aSilniki turbospalinowe | |
| 650 | 9 | _aSprężarki | |
| 650 | 9 |
_aSymulacja _xstosowanie |
|
| 650 | 9 |
_aAnaliza numeryczna _xstosowanie |
|
| 830 | 0 | _aPrace Naukowe. Mechanika (Politechnika Warszawska) ; | |
| 040 | _cBPK | ||
| 041 | 0 | _apol | |
| 080 | _a621.4:621.5:519.61/.64:519.87 | ||
| 942 | _cKS | ||
| 008 | s pl f |000 0 pol | ||
| 999 |
_c46362 _d46362 |
||
| 856 |
_uhttp://koha.tu.koszalin.pl/cgi-bin/koha/opac-detail.pl?biblionumber=46362 _yKatalog online BPK |
||